00628nam a2200205Ia 4500003000400000005001700004008004100021020001800062040001800080041000800098082002100106100001900127245014600146250001200292260003700304300002800341650001900369650001900388650001500407OSt20240626133436.0210716s2011 xx 000 0 und d a9780749462390 cAIMIT LIBRARY aeng a374.22 21bRIGR aRigby, Rhymer. a28 business thinkers who changed the world : bmanagement gurus and mavericks who changed the way we think about business /cBy Rhymer Rigby. a1st ed. aNew Delhi ;bKogan Page ,c2011. aiv,228p. ;bPBc22.1 cm aWarren buffett aRupert murdoch aSam walton